Measurement of the air-flow velocity in the cylinder of an airplane engine.

Bibliographic Details
Format: Government Document eBook
Language:English
Published: [Washington] : [s.n.], 1939.
Subjects:
Online Access:Electronic resource (PDF)

MARC

Tag First Indicator Second Indicator Subfields
LEADER 00000cam a22000001i 4500
001 in00003984921
006 m d f
007 cr bn mmmapmmp
008 390803s1939 dcu o f000 0 eng d
005 20250210233825.0
035 |a ebd1940010824 
040 |a UMI  |c UMI  |e rda  |d UtOrBLW 
086 0 |a Y 3.N 21/5:8/923 
099 |a Y3.N21_5..8_923 
110 1 |a United States.  |b National Advisory Committee for Aeronautics,  |e issuing body.  |0 http://id.loc.gov/authorities/names/n79060141 
245 1 0 |a Measurement of the air-flow velocity in the cylinder of an airplane engine. 
264 1 |a [Washington] :  |b [s.n.],  |c 1939. 
300 |a 1 online resource (32 pages), digital, PDF file 
336 |a text  |b txt  |2 rdacontent 
337 |a computer  |b c  |2 rdamedia 
338 |a online resource  |b cr  |2 rdacarrier 
500 |a Includes illustrations. 
533 |a Electronic reproduction.  |b [Bethesda, Md.] :  |c ProQuest,  |d 2017  |e digital, PDF file.  |n ProQuest U.S. Executive Branch Documents  |n Mode of access: World Wide Web via ProQuest website. 
588 |a Record is based on online resource; title from PDF title page (ProQuest, last viewed Apr. 2017). Reuse except for individual research requires license from ProQuest, LLC. 
650 0 |a Airplanes.  |0 http://id.loc.gov/authorities/subjects/sh85002782 
650 0 |a Aeronautics  |x Research.  |0 http://id.loc.gov/authorities/subjects/sh85001350 
856 4 0 |u http://proxy.library.tamu.edu/login?url=http://congressional.proquest.com/congressional/docview/t66.d71.y3.n21_5..8_923?  |y Electronic resource (PDF)  |t 0 
999 f f |s 97fc1e65-3d4d-3508-9a23-512624012830  |i c6e2e197-7efc-3f39-b893-69b9aff8c7a7  |t 0 
952 f f |a Texas A&M University  |b College Station  |c Electronic Resources  |d Available Online  |t 0  |h No information provided 
998 f f |t 0  |l Available Online